| 000 | 00757cam a22002655a 4500 | ||
|---|---|---|---|
| 001 | 018216811 | ||
| 003 | OSt | ||
| 005 | 20201128024322.0 | ||
| 008 | 170131t2018 at a frb 001 0 eng d | ||
| 020 | _a9781337102278 | ||
| 020 | _a133710227X | ||
| 040 |
_aStDuBDS _beng _cStDuBDS _dEG-ScBUE |
||
| 082 | 0 | 4 |
_a658.4092 _222 _bDAF |
| 100 | 1 |
_aDaft, Richard L. _920032 |
|
| 245 | 1 | 4 |
_aThe leadership experience / _cRichard Daft. |
| 250 | _a7th ed. | ||
| 260 |
_aBoston : _bCengage learning, _cc.2018. |
||
| 300 |
_axx, 508 p. : _bill. ; _c24 cm. |
||
| 504 | _aIncludes bibliographical references and index. | ||
| 650 | 7 |
_aLeadership. _2BUEsh _91000 |
|
| 651 | _2BUEsh | ||
| 653 |
_bGGEN _bBUSADM _cApril2018 |
||
| 655 |
_vReading book _934232 |
||
| 942 | _2ddc | ||
| 999 |
_c26527 _d26499 |
||